[Event "Santa Eugenia op 10th"]
[Site "Santa Eugenia"]
[Date "2015.??.??"]
[Round "1"]
[White "Clot Chico, Arnau"]
[Black "Manzanares Coll, Antoni"]
[Result "0-1"]
[WhiteElo "1818"]
[BlackElo "2108"]
[PlyCount "70"]
[EventDate "2015.04.17"]
[EventType "swiss"]
[EventRounds "9"]
[EventCountry "ESP"]
[SourceTitle "EXT 2016"]
[Source "ChessBase"]
[SourceDate "2015.10.08"]
[SourceVersion "1"]
[SourceVersionDate "2015.10.08"]
[SourceQuality "1"]

1. e4 c5 2. Nf3 d6 3. d4 cxd4 4. Nxd4 Nf6 5. Nc3 b6 6. f4 e6 7. Nf3 Nc6 8. e5 dxe5 9. Qxd8+ Nxd8 10. fxe5 Nd7 11. Ne4 Nc6 12. Nd6+ Bxd6 13. exd6 0-0 14. c4 a6 15. a3 Bb7 16. Be2 Rac8 17. b4 Rfd8 18. Be3 f6 19. 0-0 e5 20. Nh4 Kf7 21. Bf3 g6 22. Bh6 f5 23. Bd5+ Kf6 24. g4 e4 25. gxf5 g5 26. Ng2 Nde5 27. c5 Ng4 28. Bxg5+ Kxg5 29. h4+ Kf6 30. Nf4 bxc5 31. bxc5 Na5 32. Bxb7 Nxb7 33. Nd5+ Ke5 34. Ne7 Rxc5 35. Rab1 Nxd6 0-1